Organization gap (Record no. 34595)

MARC details
000 -LEADER
fixed length control field 00285nam a2200121Ia 4500
082 ## - DEWEY DECIMAL CLASSIFICATION NUMBER
Classification number 065
Item number KEM
100 ## - MAIN ENTRY--AUTHOR NAME
Personal name R B
245 #0 - TITLE STATEMENT
Title Organization gap
260 ## - PUBLICATION, DISTRIBUTION, ETC. (IMPRINT)
Place of publication London
Name of publisher George Allen and Unwin
Year of publication 1972
650 ## - SUBJECT ADDED ENTRY--TOPICAL TERM
Topical Term Management
942 ## - ADDED ENTRY ELEMENTS (KOHA)
Koha item type Books
Holdings
Withdrawn status Lost status Damaged status Not for loan Home library Current library Date acquired Cost, normal purchase price Full call number Accession Number Koha item type
        RRII Library RRII Library 16/12/2021 4.25 065 KEM 15025 Books